Operace Corned Beef

Bibliographic Details
Other Authors: Poiré, Jean-Marie, 1945- (Director)
Format: Video DVD
Language:French
Czech
PhysicalDescription:1 videodisk (DVD) (103 min.) zvuk DD 2.0, fareb., PAL 16:9 12 cm
Published: Bratislava Intersonic 2009
Subjects:

MARC

LEADER 00000ngm a2200000 a 4500
001 vtls009627609
003 SK-MaSNL
005 20260301211751.0
007 vd cvaizs
008 090714p2009 xo 103 e vlfre
040 |a SNK  |b slo  |c SNK  |e AACR2 
041 1 |a fre  |a cze  |b cze  |h fre 
044 |a xo  |c SK 
072 7 |a 791  |x Film. Cirkus. Ľudová zábava  |2 konspekt 
080 |a 791.221.2(44)  |2 2001 
080 |a (0.034.44)  |2 2001 
130 0 |a Operation Corned-Beef  |l Česky  |9 596139 
245 1 0 |a Operace Corned Beef  |h videozáznam  |c [réžia] Jean-Marie Poire 
260 |a Bratislava  |b Intersonic  |c 2009 
300 |a 1 videodisk (DVD) (103 min.)  |b zvuk DD 2.0, fareb., PAL 16:9  |c 12 cm 
500 |a Názov z disku 
500 |a Vyšlo ako príloha dvojtýždenníka DVD HIT č. 28/2009 
518 |a Francúzsky film z r. 1991 
521 8 |a Mládeži do 15 r. nevhodné 
546 |a V originálnom franc. znení, obsahuje český dabing a české titulky 
650 0 7 |a hrané filmy  |2 SNKPH  |9 68885 
650 0 7 |a filmová komédia  |2 SNKPH  |9 73961 
655 7 |a DVD  |2 SNKPH  |9 70751 
700 1 |a Poiré, Jean-Marie,  |d 1945-  |4 drt  |9 182656 
999 |c 916639  |d 918569 
952 |a SNK  |b SNK  |y PREZ  |7 0  |p 17A0625497  |o snkSDVD 527  |i snk2009/12799  |8 0  |0 0  |1 0  |4 0  |d 2009-07-14  |l 0  |r 2026-02-24 08:03:07  |w 2026-02-24